Traité de constructions civiles
Furkejuvvon:
| Váldodahkki: | |
|---|---|
| Materiálatiipa: | Girji |
| Giella: | fránskkagiella |
| Almmustuhtton: |
París
Béranger
1952
|
| Preanttus: | 7a. ed |
| Fáttát: | |
| Fáddágilkorat: |
Lasit fáddágilkoriid
Eai fáddágilkorat, Lasit vuosttaš fáddágilkora!
|
MARC
| LEADER | 00000nam a2200000 a 4500 | ||
|---|---|---|---|
| 001 | UCU7332 | ||
| 003 | CL-VaPUC | ||
| 008 | 960628e19520000FR |||||||||||||||||fre|d | ||
| 082 | 0 | 4 | |a 624.1 |b BAR |2 21 |
| 100 | 0 | |a Barberot, E |e author |9 366114 | |
| 245 | 1 | 0 | |a Traité de constructions civiles |
| 250 | |a 7a. ed | ||
| 300 | |a 1332 p | ||
| 942 | |c BK | ||
| 945 | |d 19960628 00:00:00 |a paguirre | ||
| 260 | |a París |b Béranger |c 1952 | ||
| 650 | 0 | |a Construcción |9 260195 | |
| 650 | 7 | |a CIMIENTOS |2 CL-VaPUC |9 260635 | |
| 650 | 7 | |a MORTEROS |2 CL-VaPUC |9 262664 | |
| 650 | 7 | |a MOVIMIENTO DE TIERRAS |2 CL-VaPUC |9 363911 | |
| 650 | 0 | |a Hormigones |9 262546 | |
| 650 | 7 | |a HORMIGON ARMADO |2 CL-VaPUC |9 366115 | |
| 650 | 0 | |a Materiales de construcción |9 260197 | |
| 650 | 0 | |a Aceros |9 260685 | |
| 650 | 0 | |a Metales |9 260686 | |
| 650 | 0 | |a Tuberías |9 259420 | |
| 583 | |a last modification |c 19960628 00:00:00 |k Rodrigo Vera | ||
| 999 | |c 249994 |d 249992 | ||
| 952 | |0 0 |1 0 |4 0 |6 624_100000000000000_BAR_1952 |7 0 |8 A |9 267617 |a BIBING |b BIBING |d 2019-11-19 |i 1698893 |o 624.1 BAR 1952 |p 1698893 |r 2025-01-20 |w 2019-11-19 |y BK |k ING | ||